Normal view
MARC view
Entry Topical Term
001 - CONTROL NUMBER
- control field: 19997
003 - CONTROL NUMBER IDENTIFIER
- control field: dpl
005 - DATE AND TIME OF LATEST TRANSACTION
- control field: 20100914141424.0
008 - FIXED-LENGTH DATA ELEMENTS
- fixed length control field: 100914|||a|||||| | ||| d
040 ## - CATALOGING SOURCE
- Original cataloging agency: dpl
- Transcribing agency: dpl
150 ## - HEADING--TOPICAL TERM
- Topical term or geographic name as entry element: Hindi Poetry
- General subdivision: History and Critism
670 ## - SOURCE DATA FOUND
- Source citation: Work cat.: (dpl)36759: वंशी, बलदेव 19995, लम्बी कविताएँ: वैचारिक सरोकार /, 2009
670 ## - SOURCE DATA FOUND
- Source citation: Work cat.: (dpl)36759: वंशी, बलदेव 19995, लम्बी कविताएँ: वैचारिक सरोकार /, 2009
